Bir şehzadenin hâtırâtı : (Record no. 14105)

MARC details
000 -BAŞLIK
Sabit Uzunlukta Kontrol Alanı 00996nam a22002537a 4500
999 ## - SİSTEM KONTROL NUMARALARI (KOHA)
Koha Biblionumber 14105
Koha Biblioitemnumber 14105
003 - KONTROL NUMARASI IDENTIFIER
Denetim Alanı MIRAKIL
005 - SON İŞLEM TARİHİ VE ZAMANI
Denetim Alanı 20201013154211.0
008 - SABİT-BOY VERİ ELEMANLARI - GENEL BİLGİLER
Sabit Uzunlukta Kontrol Alanı 201013b tu ||||| |||| 00| 0 tur d
020 ## - ULUSLARARASI STANDART KİTAP NUMARASI
Uluslararası Standart Kitap Numarası 950808789
040 ## - KATALOGLAMA KAYNAK
Orijinal Kataloglama Ajansı TR-AnCHP
Metne Dönüştürmek Ajansı TR-AnCHP
041 ## - DİL KODU
Metin / Ses Parça Veya Ayrı Başlığın Dil Kodu tur
082 ## - DEWEY ONLU SINIFLANDIRMA NUMARASI
Sınıflandırma Numarası 956.1015092
Ürün Numarası O75b 2005
100 ## - ANA GİRİŞ - KİŞİSEL İSİM
Kişisel Ad Osmanoğlu, Osman Selaheddin
245 10 - BAŞLIK TABLOSU
Başlık Bir şehzadenin hâtırâtı :
Başlığın Kalan vatan ve menfâda gördüklerim ve işittiklerim /
Sorumluluk Tablosu, Vb Şehzade Ali Vâsıb Efendi ; hazırlayan: Osman Selaheddin Osmanoğlu
246 ## - UNVAN FORM VARYING
Başlık Doğru / Kısa Başlığı vatan ve menfâda gördüklerim ve işittiklerim
260 ## - YAYIN, DAĞITIM, VB
Yayın, Dağıtım, Vb Yeri İstanbul:
Yayıncı, Dağıtıcı, Vs Adı Yapı Kredi Yayınları,
Yayın, Dağıtım, Vb Tarihi 2005.
300 ## - FİZİKSEL TANIM
Kapsam 478 s.:
Diğer Fiziksel Ayrıntıları fotg.;
Boyutlar 24 sm.
490 0# - SERİSİ TABLOSU
Seri Beyanı Yapı Kredi yayınları ;
Hacim / Ardışık Tanımı 2124.
504 ## - KAYNAKÇA VB NOT
Kaynakça Vb Notu Dizin vardır.
600 #0 - KONU KATMA GİRİŞ - KURUMSAL ADI
9 (RLIN) 6562
Kişisel Ad Ali Vâsıb Efendi,
Başlıklar Ve Bir Adla İlişkili Diğer Kelimeler Osmanlı İmparatorluğu Şehzadesi
Bir Adıyla İlişkilendirilen Tarihler 1903-1983
Genel Alt Bölümü Yaşamöyküsü
650 #0 - KONU KATMA GİRİŞ - TOPİKAL DÖNEM
9 (RLIN) 710
Topikal Süreli Veya Coğrafi Ad Giriş Elemanı Osmanlı İmparatorluğu
Genel Alt Bölümü Tarih
740 ## - KATMA GİRİŞ - KONTROLSUZ İLGİLİ / ANALİTİK BAŞLIK
Kontrol Edilmeyen / İlgili Analitik Başlıktaki vatan ve menfâda gördüklerim ve işittiklerim
942 ## - EKLENDİ GİRİŞ ELEMANLARI (KOHA)
Sınıflandırma Veya Raf Düzeni Kaynak Dewey Decimal Classification
Koha Öğesi Türü Books
Holdings
Kalıcı Konum Mevcut Konum Edinme Tarihi Toplam Check-Out'Lar Tam Çağrı Numarası Barkod Tarih Son Görülme İtibaren Geçerli Fiyatlar Sigara Kamu Notu Koha Öğesi Türü
CHP Kütüphanesi CHP Kütüphanesi 10/13/2020   956.1015092 O75b 2005 019620 10/13/2020 10/13/2020 Emine Başak Alkan Bağışıdır. Books